000 00308nam a22001457a 4500
008 230925b ||||| |||| 00| 0 eng d
020 _a0716734834
041 _aeng
080 _a521
082 _a521LEV
100 _a19
101 _aASTRO
245 _aEVOLUTIONARY WARS
_cLEVY.K.CH
942 _2udc
_cBK
999 _c60394
_d60394